书目信息 |
| 题名: |
中国名人故居游学馆
|
|
| 作者: | 韩千钧 撰文·摄影 | |
| 分册: | 青岛卷 | |
| 出版信息: | 北京 中国画报出版社 2005 |
|
| 页数: | 151页 | |
| 开本: | 23cm | |
| 丛书名: | 读图时代 | |
| 单 册: | ||
| 中图分类: | K928.72 | |
| 科图分类: | ||
| 主题词: | 名人--Ming Ren--故居--简介--青岛市 , 名人--Ming Ren--生平事迹--中国--现代 , 地理--中国 | |
| 电子资源: | ||
| ISBN: | 7-80024-903-4 | |
| 000 | 00948oam2 2200277 450 | |
| 001 | 1233879719 | |
| 005 | 20121013092528.82 | |
| 010 | @a7-80024-903-4@dCNY22.00 | |
| 100 | @a20050905d2005 em y0chiy0121 ea | |
| 101 | 0 | @achi |
| 102 | @aCN@b110000 | |
| 105 | @aabc z 000yd | |
| 200 | 1 | @a中国名人故居游学馆@AZhong Guo Ming Ren Gu Ju You Xue Guan@e海誓山盟@i青岛卷@f撰文·摄影韩千钧 |
| 210 | @a北京@c中国画报出版社@d2005 | |
| 215 | @a151页@c图 (部分彩图), 地图, 肖像@d23cm | |
| 225 | 2 | @a读图时代@ADu Tu Shi Dai |
| 330 | @a本书分开启文化盛典的小房子主人、观象山麓秋暮天、望海楼中听山雨及北斗之北的星辰。 | |
| 461 | 0 | @12001 @a读图时代 |
| 517 | 1 | @a海誓山盟@AHai Shi Shan Meng |
| 606 | 0 | @a名人@AMing Ren@x故居@x简介@y青岛市 |
| 606 | 0 | @a名人@AMing Ren@x生平事迹@y中国@z现代 |
| 606 | 0 | @a地理@x中国 |
| 690 | @aK928.72@v4 | |
| 701 | 0 | @a韩千钧@AHan Qian Jun@4撰文·摄影 |
| 801 | 0 | @aCN@bNLC@c20101222 |
| 905 | @a10447@dK928.72@eJY36 | |
| 中国名人故居游学馆:海誓山盟.青岛卷/撰文·摄影韩千钧.-北京:中国画报出版社,2005 |
| 151页:图 (部分彩图), 地图, 肖像;23cm.-(读图时代) |
| ISBN 7-80024-903-4:CNY22.00 |
| 本书分开启文化盛典的小房子主人、观象山麓秋暮天、望海楼中听山雨及北斗之北的星辰。 |
| ● |
| 相关链接 |
|
|
|
|
正题名:中国名人故居游学馆
索取号:K928.72/JY36
 
预约/预借
| 序号 | 登录号 | 条形码 | 馆藏地/架位号 | 状态 | 备注 |
| 1 | 7825929 | 278259297 | 学院路分馆/ [索取号:K928.72/JY36] | 在馆 | |
| 2 | 7825930 | 278259304 | 学院路分馆/ [索取号:K928.72/JY36] | 在馆 | |
| 3 | 7825931 | 278259313 | 学院路分馆/ [索取号:K928.72/JY36] | 在馆 | |
| 4 | 7825932 | 278259322 | 学院路分馆/ [索取号:K928.72/JY36] | 在馆 |